<?xml version="1.0" encoding="UTF-8"?>
<record
    xmlns:xsi="http://www.w3.org/2001/XMLSchema-instance"
    xsi:schemaLocation="http://www.loc.gov/MARC21/slim http://www.loc.gov/standards/marcxml/schema/MARC21slim.xsd"
    xmlns="http://www.loc.gov/MARC21/slim">

  <leader>02095cam a22002894a 4500</leader>
  <controlfield tag="001">13686695</controlfield>
  <controlfield tag="005">20210414114049.0</controlfield>
  <controlfield tag="008">040813s2006    mauab         001 0 eng  </controlfield>
  <datafield tag="010" ind1=" " ind2=" ">
    <subfield code="a">  2004057885</subfield>
  </datafield>
  <datafield tag="020" ind1=" " ind2=" ">
    <subfield code="a">0072918047 (alk. paper)</subfield>
  </datafield>
  <datafield tag="040" ind1=" " ind2=" ">
    <subfield code="a">DLC</subfield>
    <subfield code="c">DLC</subfield>
  </datafield>
  <datafield tag="042" ind1=" " ind2=" ">
    <subfield code="a">pcc</subfield>
  </datafield>
  <datafield tag="050" ind1="0" ind2="0">
    <subfield code="a">QR41.2.C69</subfield>
    <subfield code="b"> </subfield>
  </datafield>
  <datafield tag="082" ind1="0" ind2="0">
    <subfield code="a">579</subfield>
    <subfield code="2">22</subfield>
  </datafield>
  <datafield tag="100" ind1="1" ind2=" ">
    <subfield code="a">Cowan, M. Kelly.</subfield>
  </datafield>
  <datafield tag="245" ind1="1" ind2="0">
    <subfield code="a">Microbiology :a systems approach. /</subfield>
    <subfield code="c">Marjorie Kelly Cowan, Kathleen Park Talaro.</subfield>
  </datafield>
  <datafield tag="250" ind1=" " ind2=" ">
    <subfield code="a">1st ed.</subfield>
  </datafield>
  <datafield tag="260" ind1=" " ind2=" ">
    <subfield code="a">Boston :</subfield>
    <subfield code="b">McGraw-Hill Higher Education,</subfield>
    <subfield code="c">c2006.</subfield>
  </datafield>
  <datafield tag="300" ind1=" " ind2=" ">
    <subfield code="a">xxi, 806 + various pagings:</subfield>
    <subfield code="b"> ill.;</subfield>
    <subfield code="c">29 cm.</subfield>
  </datafield>
  <datafield tag="500" ind1=" " ind2=" ">
    <subfield code="a">Includes index.</subfield>
  </datafield>
  <datafield tag="505" ind1=" " ind2=" ">
    <subfield code="a">Contents: The Main themes of mircobiology -- The Chemistry of biology -- Tools of the laboratory: the methods for studying microorganisms -- Procaryotic profiles: the bacteria and archaea -- Eucaryotic cells and microorganisms -- An Introduction to the viruses -- Elements of microbial nutrition, ecology and growth -- Microbial metabolism: the chemical crossroads of life -- Microbial genetics -- Genetic engineering: a revolution in molecular biology -- Physical and chemical control of mircobes -- Drugs, microbes, host- the elements of chemotheraphy -- Microbe- human interactions: infection and disease -- Nonspecific host defenses -- Specific immunity and immunization -- Disorder in immunity -- Diagnosing infections -- Infectious diseases affecting the skin and eyes -- Infectious diseases affecting the nervous system -- Infectious diseases affecting the cardiovascular and lymphatic systems -- Infectious diseases affecting the respiratory system -- Infectious diseases affecting the gastrointestinal tract -- Infectious disease affecting the genitourinary system -- Environmental and applied microbiology.</subfield>
  </datafield>
  <datafield tag="650" ind1=" " ind2="0">
    <subfield code="a">Microbiology.</subfield>
  </datafield>
  <datafield tag="700" ind1="1" ind2=" ">
    <subfield code="a">Talaro, Kathleen P.</subfield>
  </datafield>
  <datafield tag="906" ind1=" " ind2=" ">
    <subfield code="a">7</subfield>
    <subfield code="b">cbc</subfield>
    <subfield code="c">orignew</subfield>
    <subfield code="d">1</subfield>
    <subfield code="e">ocip</subfield>
    <subfield code="f">20</subfield>
    <subfield code="g">y-gencatlg</subfield>
  </datafield>
  <datafield tag="942" ind1=" " ind2=" ">
    <subfield code="2">lcc</subfield>
    <subfield code="c">BK</subfield>
  </datafield>
  <datafield tag="999" ind1=" " ind2=" ">
    <subfield code="c">1732</subfield>
    <subfield code="d">9232</subfield>
  </datafield>
  <datafield tag="952" ind1=" " ind2=" ">
    <subfield code="0">0</subfield>
    <subfield code="1">0</subfield>
    <subfield code="2">lcc</subfield>
    <subfield code="4">0</subfield>
    <subfield code="7">0</subfield>
    <subfield code="a">WIUC-1</subfield>
    <subfield code="b">WIUC-1</subfield>
    <subfield code="c">GEN</subfield>
    <subfield code="d">2012-07-18</subfield>
    <subfield code="l">0</subfield>
    <subfield code="o">QR41.2.C69</subfield>
    <subfield code="p">5524/12</subfield>
    <subfield code="r">2012-07-18 00:00:00</subfield>
    <subfield code="t">1</subfield>
    <subfield code="w">2012-07-18</subfield>
    <subfield code="y">BK</subfield>
  </datafield>
  <datafield tag="952" ind1=" " ind2=" ">
    <subfield code="0">0</subfield>
    <subfield code="1">0</subfield>
    <subfield code="2">lcc</subfield>
    <subfield code="4">0</subfield>
    <subfield code="7">0</subfield>
    <subfield code="a">WIUC-1</subfield>
    <subfield code="b">WIUC-1</subfield>
    <subfield code="c">GEN</subfield>
    <subfield code="d">2012-07-18</subfield>
    <subfield code="l">0</subfield>
    <subfield code="o">QR41.2.C69</subfield>
    <subfield code="p">5525/12</subfield>
    <subfield code="r">2012-07-18 00:00:00</subfield>
    <subfield code="t">2</subfield>
    <subfield code="w">2012-07-18</subfield>
    <subfield code="y">BK</subfield>
  </datafield>
</record>
